Predchádzanie a riešenie vstupu spoločnosti do krízy

Inštitút spoločnosť v kríze. Pri ktorých obchodných kapitálových spoločnostiach je od roku 2016 povinné zisťovať, či je spoločnosť v kríze alebo nie. Spoločnosť v kríze podľa Obchodného zákonníka. Predchádzanie hroziacemu úpadku spoločnosti. Zložky vlastného imania, ktorých navýšenie ovplyvní pomer...

Description complète

Enregistré dans:
Détails bibliographiques
Auteur principal: Ondrušová, Lucia, 1981-
Format: Chapitre de livre
Langue:slovaque
Sujets:
Tags: Ajouter un tag
Pas de tags, Soyez le premier à ajouter un tag!

MARC

LEADER 00000nla a2200000 4500
001 0237595
005 20240502073834.9
041 0 |a slo 
044 |a SK 
245 1 0 |a Predchádzanie a riešenie vstupu spoločnosti do krízy  |c Lucia Ondrušová 
520 |a Inštitút spoločnosť v kríze. Pri ktorých obchodných kapitálových spoločnostiach je od roku 2016 povinné zisťovať, či je spoločnosť v kríze alebo nie. Spoločnosť v kríze podľa Obchodného zákonníka. Predchádzanie hroziacemu úpadku spoločnosti. Zložky vlastného imania, ktorých navýšenie ovplyvní pomer vlastného imania a záväzkov. Kapitalizácia záväzkov od spoločníkov. 
610 2 0 |a spoločnosti kapitálové 
610 2 0 |a spoločnosti obchodné 
610 2 0 |a kríza podniku 
610 2 0 |a spoločníci 
610 2 0 |a imanie vlastné 
100 1 |a Ondrušová, Lucia, 1981-